QCM Genèse - Statistiques

Statistiques générales
  • Ce quiz a été pris 108 fois
  • Le résultat moyen est 7 sur 10
Statistiques - réponses
Question Réponse % Correct
A qui Dieu a-t-il ordonné de construire une arche pour échapper au déluge ? Noé
95%
Qui est le premier homme à se faire tuer dans la Bible ? Abel
90%
Comment Dieu empêche-t-il la construction de la tour de Babel ? En divisant les langues
88%
De quoi Joseph sauve-t-il beaucoup de peuples ? La famine
83%
Quel est le nom du fils qu'Abraham a eu avec Sarah ? Isaac
73%
Quel est le nom du père de Jacob ? Isaac
66%
Qui est la mère de Joseph ? Rachel
63%
Pourquoi Abraham est il considéré comme juste par Dieu ? Parce qu'il fait confiance à Dieu
56%
Qui est le père de Manassé et Ephraïm ? Joseph
49%
Dans quel pays Abram se rend-il quand la famine arrive ? Egypte
39%
Aucun quiz correspondant
Distribution des résultats
% des personnes avec chaque résultat
Percentile par nombre de réponses
Votre historique - résultats
Vous n’avez pas pris ce quiz